[Event "C.to Regionale Lombardia"]
[Site "Solaro ITA"]
[Date "2011.05.28"]
[Round "2"]
[White "Falchi, Claudio"]
[Black "Vitale, Alessandro"]
[Result "0-1"]
[WhiteElo "1750"]
[BlackElo "1566"]
[PlyCount "34"]
[EventDate "2011.05.27"]

1. e4 e5 2. Nf3 Nc6 3. Bb5 a6 4. Bxc6 dxc6 5. d4 Bg4 6. dxe5 Qxd1+ 7. Kxd1
O-O-O+ 8. Ke2 Rd4 9. Nc3 Bb4 10. Ke3 Rc4 11. Bd2 Ne7 12. h3 Bxf3 13. gxf3 Ng6
14. f4 Rd8 15. Rad1 Rdd4 16. b3 Rxc3+ 17. Kxd4 c5+ 0-1

[Event "C.to Regionale Lombardia"]
[Site "Solaro ITA"]
[Date "2011.05.28"]
[Round "2"]
[White "Ferraris, Fulvio"]
[Black "Mondini, Francesco"]
[Result "1-0"]
[WhiteElo "1713"]
[BlackElo "1539"]
[PlyCount "39"]
[EventDate "2011.05.27"]

1. d4 d5 2. c4 c5 3. Nc3 Nf6 4. cxd5 cxd4 5. Nf3 e6 6. Bg5 Be7 7. e3 O-O 8. Qc2
h6 9. Bxf6 Bxf6 10. Bd3 Bd7 11. h4 Be8 12. g4 g6 13. g5 hxg5 14. Nxg5 Bxg5 15.
hxg5 Kg7 16. f4 Rh8 17. Rh2 Rxh2 18. Qxh2 Bc6 19. Qh6+ Kg8 20. O-O-O 1-0

[Event "C.to Regionale Lombardia"]
[Site "Solaro ITA"]
[Date "2011.05.28"]
[Round "2"]
[White "Guerini, Sara"]
[Black "Puppi, Simone"]
[Result "1-0"]
[WhiteElo "1603"]
[BlackElo "1362"]
[PlyCount "111"]
[EventDate "2011.05.27"]

1. e4 Nc6 2. Nc3 d6 3. Bc4 Nf6 4. d3 Bg4 5. f3 Bh5 6. Nge2 e6 7. Nf4 Nd4 8. Be3
c5 9. Bxd4 cxd4 10. Bb5+ Ke7 11. Nce2 Qa5+ 12. Kf2 Qxb5 13. Nxd4 Qc5 14. c3 e5
15. Qa4 exf4 16. Rhe1 Nd7 17. Kf1 Ne5 18. Qb3 b6 19. Re2 g5 20. Nf5+ Kf6 21. d4
Qc7 22. dxe5+ dxe5 23. Rd1 Bc5 24. Red2 Rad8 25. Qc2 g4 26. b4 Rxd2 27. Qxd2
Be7 28. Qf2 g3 29. hxg3 Rd8 30. Rc1 Bg6 31. gxf4 Bxf5 32. fxe5+ Qxe5 33. exf5
Qxf5 34. Re1 Rd6 35. Qh4+ Qg5 36. Qxg5+ Kxg5 37. Rxe7 Kf6 38. Rxa7 Rc6 39. Ra6
Ke5 40. a4 Rxc3 41. Rxb6 Kd4 42. Kf2 f5 43. Kg3 Rc7 44. a5 Ke5 45. Rb5+ Kf6 46.
a6 Ke6 47. Ra5 Ra7 48. b5 Kd6 49. b6 Ra8 50. b7 Rg8+ 51. Kf2 Kc7 52. Rxf5 Kb8
53. Rc5 Rd8 54. Rc8+ Rxc8 55. bxc8=Q+ Kxc8 56. Kg3 1-0

[Event "C.to Regionale Lombardia"]
[Site "Solaro ITA"]
[Date "2011.05.28"]
[Round "2"]
[White "Marchini, Daniele"]
[Black "Maccarini, Luca Nicola"]
[Result "1/2-1/2"]
[WhiteElo "1799"]
[BlackElo "1937"]
[PlyCount "86"]
[EventDate "2011.05.27"]

1. d4 d5 2. c4 Bf5 3. Nc3 e6 4. Nf3 c6 5. Bf4 Bd6 6. Bxd6 Qxd6 7. e3 Nf6 8. Bd3
O-O 9. cxd5 Bxd3 10. Qxd3 exd5 11. O-O Re8 12. Ne2 Nbd7 13. Ng3 Ne4 14. Nh5 g6
15. Nf4 f5 16. Nd2 Qe7 17. Nxe4 fxe4 18. Qe2 Nf6 19. g3 Qf7 20. h4 h6 21. Kg2
g5 22. hxg5 hxg5 23. Nh3 Qg6 24. Rh1 Kg7 25. Rh2 Rh8 26. Rah1 Qf5 27. Ng1 Rxh2+
28. Rxh2 g4 29. Rh4 Rh8 30. Rxh8 Kxh8 31. Qd1 Nh7 32. Qb3 Qf7 33. Qa3 Ng5 34.
Qxa7 Nh3 35. Qb8+ Kh7 36. Nxh3 gxh3+ 37. Kxh3 Qh5+ 38. Kg2 Qf3+ 39. Kg1 Qd1+
40. Kh2 Qh5+ 41. Kg2 Qf3+ 42. Kg1 Qd1+ 43. Kh2 Qh5+ 1/2-1/2

[Event "C.to Regionale Lombardia"]
[Site "Solaro ITA"]
[Date "2011.05.28"]
[Round "2"]
[White "Miracola, Giorgia"]
[Black "Tarelli, Daniele"]
[Result "0-1"]
[WhiteElo "1753"]
[BlackElo "1596"]
[PlyCount "64"]
[EventDate "2011.05.27"]

1. e4 c5 2. Nf3 a6 3. d4 cxd4 4. Nxd4 e5 5. Nf3 d6 6. Nc3 Nc6 7. Bc4 h6 8. Be3
Nf6 9. O-O Bg4 10. Nd5 Nxd5 11. Bxd5 Qf6 12. h3 Bd7 13. Nd2 g5 14. Qf3 Qg6 15.
Nc4 Be7 16. Nb6 Rd8 17. Nxd7 Rxd7 18. Rfd1 h5 19. g4 hxg4 20. hxg4 Bd8 21. Kf1
Ne7 22. Ke2 Nxd5 23. Rxd5 Rh4 24. Rad1 Qe6 25. Bc5 Be7 26. Qf5 Rxg4 27. Qxe6
fxe6 28. R5d3 Rxe4+ 29. Kf1 d5 30. Bxe7 Kxe7 31. f3 Rf4 32. b3 e4 0-1

[Event "C.to Regionale Lombardia"]
[Site "Solaro ITA"]
[Date "2011.05.28"]
[Round "2"]
[White "Molinelli, Luigi"]
[Black "Monticelli, Francesco"]
[Result "0-1"]
[WhiteElo "1273"]
[BlackElo "1667"]
[PlyCount "96"]
[EventDate "2011.05.27"]

1. d4 Nf6 2. c4 e5 3. e3 exd4 4. exd4 Bb4+ 5. Bd2 Bxd2+ 6. Nxd2 d6 7. Ngf3 O-O
8. Be2 Bg4 9. Qb3 b6 10. O-O Re8 11. Rae1 Nbd7 12. h3 Bh5 13. Kh1 c5 14. Qc2
Bg6 15. Bd3 Rxe1 16. Rxe1 Bxd3 17. Qxd3 Qf8 18. Ne4 Re8 19. Nfg5 Nxe4 20. Nxe4
f5 21. f3 fxe4 22. fxe4 Re7 23. Rf1 Rf7 24. Rxf7 Qxf7 25. Kg1 cxd4 26. Qxd4 Qe6
27. b3 Nc5 28. Qd5 Qxd5 29. exd5 Kf7 30. Kf1 Kf6 31. Ke2 Ke5 32. Ke3 b5 33.
cxb5 Kxd5 34. g4 Ne6 35. a4 Nc5 36. a5 Nxb3 37. b6 Kc6 38. bxa7 Kb7 39. a8=Q+
Kxa8 40. a6 Nc5 41. Kd4 Ne6+ 42. Ke4 Ng5+ 43. Kd5 Nxh3 44. Kxd6 Nf2 45. Ke6
Nxg4 46. Kf7 h5 47. Kg6 h4 48. Kg5 h3 0-1

[Event "C.to Regionale Lombardia"]
[Site "Solaro ITA"]
[Date "2011.05.28"]
[Round "2"]
[White "Petrone, Gianmario"]
[Black "Lapiccirella, Daniele"]
[Result "0-1"]
[WhiteElo "1853"]
[BlackElo "2236"]
[PlyCount "62"]
[EventDate "2011.05.27"]

1. e4 c5 2. Nf3 e6 3. d4 cxd4 4. Nxd4 Nf6 5. Nc3 a6 6. Be3 Qc7 7. Bd3 b5 8. O-O
Bb7 9. a3 Nc6 10. Kh1 Ne5 11. h3 Nc4 12. Bxc4 Qxc4 13. Qd3 Rc8 14. Qxc4 Rxc4
15. e5 Nd5 16. Nxd5 Bxd5 17. Rad1 f6 18. f4 Rg8 19. c3 g5 20. fxg5 fxg5 21. Nf3
d6 22. Rf2 Be7 23. Rdf1 Re4 24. Bc1 Rf8 25. Kh2 Bd8 26. Nd2 Rxf2 27. Rxf2 Re1
28. Rf1 Re2 29. Nf3 Bb6 30. Kg3 Bc4 31. Re1 Bf2+ 0-1

[Event "C.to Regionale Lombardia"]
[Site "Solaro ITA"]
[Date "2011.05.28"]
[Round "2"]
[White "Regorda, Vittorio"]
[Black "Bellia, Fabrizio"]
[Result "0-1"]
[WhiteElo "1877"]
[BlackElo "2415"]
[PlyCount "38"]
[EventDate "2011.05.27"]

1. d4 Nf6 2. c4 c5 3. d5 e6 4. Bf4 exd5 5. cxd5 d6 6. Nc3 a6 7. Qc2 g6 8. e4
Bg7 9. O-O-O O-O 10. Kb1 b5 11. h3 b4 12. Nce2 Nxe4 13. Ng3 Nxg3 14. fxg3 a5
15. Nf3 a4 16. Bg5 Qb6 17. g4 b3 18. Qf2 bxa2+ 19. Kxa2 Qb3+ 0-1

[Event "C.to Regionale Lombardia"]
[Site "Solaro ITA"]
[Date "2011.05.28"]
[Round "2"]
[White "Rettore, Ludwig"]
[Black "Tagliaferri, Valerio"]
[Result "1-0"]
[WhiteElo "2163"]
[BlackElo "1869"]
[PlyCount "75"]
[EventDate "2011.05.27"]

1. d4 Nf6 2. Nf3 e6 3. Bg5 c5 4. e3 h6 5. Bxf6 Qxf6 6. Nbd2 cxd4 7. exd4 d5 8.
Bd3 Nc6 9. O-O Nxd4 10. Nxd4 Qxd4 11. Bb5+ Bd7 12. Bxd7+ Kxd7 13. Qe2 a6 14.
Rfd1 Bd6 15. Nf3 Qb4 16. a3 Qb5 17. c4 dxc4 18. Ne5+ Ke7 19. Rxd6 Kxd6 20.
Nxf7+ Ke7 21. Nxh8 Rxh8 22. Re1 Qd5 23. Rd1 Qc6 24. Qe5 Rg8 25. h4 g5 26. h5 g4
27. g3 b5 28. Qe3 Qf3 29. Qc5+ Kf6 30. Rd7 Re8 31. Qd4+ e5 32. Qd6+ Re6 33.
Qf8+ Kg5 34. Qg8+ Kf5 35. Qh7+ Kg5 36. Rg7+ Kxh5 37. Qg8 Rf6 38. Qe8+ 1-0

[Event "C.to Regionale Lombardia"]
[Site "Solaro ITA"]
[Date "2011.05.28"]
[Round "2"]
[White "Ronconi, Fausto"]
[Black "Barolo, Andrea"]
[Result "1/2-1/2"]
[WhiteElo "1754"]
[BlackElo "1964"]
[PlyCount "137"]
[EventDate "2011.05.27"]

1. d4 Nf6 2. c4 g6 3. Nc3 d5 4. Nf3 Bg7 5. g3 O-O 6. Bg2 c6 7. cxd5 cxd5 8. O-O
Ne4 9. Bf4 Nxc3 10. bxc3 Nc6 11. Qd2 Bf5 12. Bh6 Rc8 13. Bxg7 Kxg7 14. Ng5 Qa5
15. e4 dxe4 16. Nxe4 Rfd8 17. Qe3 b6 18. Rfe1 Qa3 19. Nd2 Na5 20. Nb3 Rd7 21.
Nxa5 Qxa5 22. Rec1 Rdc7 23. d5 Rxc3 24. Qe5+ Kg8 25. Re1 R8c7 26. Rad1 Qc5 27.
d6 Qxe5 28. Rxe5 exd6 29. Red5 Be6 30. Rxd6 Bxa2 31. h4 Rc1 32. Bf3 Rxd1+ 33.
Rxd1 h5 34. Be2 Be6 35. Ba6 Bg4 36. Re1 Kg7 37. Kg2 Bc8 38. Bxc8 Rxc8 39. Re7
Ra8 40. Rb7 Kf6 41. Kf3 Ke6 42. Ke4 Kf6 43. Kf4 Rc8 44. Rxa7 Rb8 45. Ra1 b5 46.
Rb1 b4 47. Rb3 Rb5 48. Ke4 g5 49. hxg5+ Kxg5 50. f3 f5+ 51. Ke3 f4+ 52. Kf2 Kf5
53. Kg2 fxg3 54. Kxg3 Ke5 55. f4+ Kd5 56. f5 Kc4 57. Rf3 b3 58. f6 b2 59. Rf4+
Kd3 60. Rf3+ Ke2 61. Rf2+ Ke1 62. f7 b1=Q 63. f8=Q Qd3+ 64. Qf3 Rg5+ 65. Kh2
Qxf3 66. Rxf3 Ke2 67. Rg3 Rf5 68. Kh3 Kf2 69. Rg6 1/2-1/2

[Event "C.to Regionale Lombardia"]
[Site "Solaro ITA"]
[Date "2011.05.28"]
[Round "2"]
[White "Sala, Giovanni"]
[Black "Villa, Giorgio"]
[Result "0-1"]
[WhiteElo "1969"]
[BlackElo "1846"]
[PlyCount "86"]
[EventDate "2011.05.27"]

1. c4 c6 2. Nf3 d5 3. b3 Nf6 4. Bb2 Bf5 5. g3 e6 6. Bg2 Nbd7 7. O-O Be7 8. d3
h6 9. Nbd2 O-O 10. Re1 Bh7 11. d4 Qb6 12. c5 Qc7 13. b4 a5 14. a3 axb4 15. axb4
Ne4 16. Nxe4 Bxe4 17. Ra4 b6 18. Qa1 Qb7 19. Rxa8 Rxa8 20. Qc1 Bf6 21. Bc3 bxc5
22. bxc5 Ra2 23. Nd2 Rc2 24. Nxe4 Rxc1 25. Nxf6+ Nxf6 26. Rxc1 Qb3 27. Bf3 Nd7
28. Bd2 Qb2 29. Be3 e5 30. Rd1 e4 31. Bg2 Qxe2 32. Ra1 Nf6 33. Bf1 Qb2 34. Re1
Ng4 35. h3 Nxe3 36. fxe3 f5 37. Re2 Qc1 38. Kf2 g5 39. Re1 Qd2+ 40. Be2 f4 41.
gxf4 gxf4 42. exf4 Qxf4+ 43. Kg2 e3 0-1

[Event "C.to Regionale Lombardia"]
[Site "Solaro ITA"]
[Date "2011.05.28"]
[Round "2"]
[White "Scotti, Luigi"]
[Black "Coppola, Federico"]
[Result "0-1"]
[WhiteElo "1535"]
[BlackElo "1746"]
[PlyCount "54"]
[EventDate "2011.05.27"]

1. e4 c5 2. c3 Nf6 3. e5 Nd5 4. Nf3 Nc6 5. d4 cxd4 6. cxd4 d6 7. Bd2 dxe5 8.
dxe5 Qc7 9. Nc3 Nxc3 10. Bxc3 Bg4 11. Bb5 a6 12. Bxc6+ Qxc6 13. Qe2 Be6 14. Nd4
Qxg2 15. O-O-O Bg4 16. f3 Qxe2 17. Nxe2 Bxf3 18. Nf4 Bxd1 19. Rxd1 Rd8 20. Re1
e6 21. Nh5 Rg8 22. Rg1 b5 23. Nf6+ gxf6 24. Rxg8 Kd7 25. exf6 Bh6+ 26. Bd2
Bxd2+ 27. Kxd2 Rxg8 0-1

[Event "C.to Regionale Lombardia"]
[Site "Solaro ITA"]
[Date "2011.05.28"]
[Round "2"]
[White "Sirletti, Sonia"]
[Black "Oteri, Aldo"]
[Result "1-0"]
[WhiteElo "1959"]
[BlackElo "1839"]
[PlyCount "51"]
[EventDate "2011.05.27"]

1. d4 Nf6 2. c4 g6 3. Nc3 Bg7 4. e4 d6 5. Nf3 O-O 6. Be2 e5 7. d5 a5 8. Bg5 h6
9. Bh4 Na6 10. Nd2 g5 11. Bg3 Nxe4 12. Ncxe4 f5 13. f3 fxe4 14. Nxe4 Bf5 15.
O-O g4 16. Bf2 h5 17. Ng3 gxf3 18. Bxf3 h4 19. Nxf5 Rxf5 20. Bg4 Rf4 21. Be6+
Kf8 22. Qh5 Qf6 23. Be3 Ke7 24. Bxf4 exf4 25. Rae1 Rh8 26. Bg8+ 1-0

[Event "C.to Regionale Lombardia"]
[Site "Solaro ITA"]
[Date "2011.05.28"]
[Round "2"]
[White "Vergano, Riccardo"]
[Black "Greco, Umberto"]
[Result "0-1"]
[WhiteElo "1441"]
[BlackElo "1702"]
[PlyCount "48"]
[EventDate "2011.05.27"]

1. d4 Nf6 2. c4 g6 3. Nc3 Bg7 4. e4 d6 5. Bg5 O-O 6. Bd3 Nbd7 7. f4 c5 8. d5
Re8 9. Nf3 Qb6 10. Qe2 Nh5 11. Qd2 Nf8 12. O-O e6 13. Rfe1 Bd7 14. a3 Nf6 15.
Kh1 a6 16. Qc2 Rac8 17. Nd2 Nh5 18. f5 exf5 19. exf5 Bh8 20. fxg6 Nxg6 21. Nce4
Ne5 22. Nf6+ Nxf6 23. Bxf6 Nxd3 24. Qxd3 Rxe1+ 0-1

[Event "C.to Regionale Lombardia"]
[Site "Solaro ITA"]
[Date "2011.05.28"]
[Round "2"]
[White "Vitale, Aurora"]
[Black "Guerini, Silvia jr"]
[Result "0-1"]
[WhiteElo "1416"]
[BlackElo "1690"]
[PlyCount "89"]
[EventDate "2011.05.27"]

1. e4 c6 2. Nc3 d5 3. Nf3 Bg4 4. h3 Bxf3 5. Qxf3 e6 6. d4 Nf6 7. Be3 Bb4 8. Bf4
dxe4 9. Qe3 Nd5 10. Qd2 Nxf4 11. Qxf4 Qxd4 12. Rd1 Bxc3+ 13. bxc3 Qxc3+ 14. Qd2
Qxd2+ 15. Rxd2 O-O 16. Be2 c5 17. O-O Nc6 18. c3 Rad8 19. Rfd1 Rxd2 20. Rxd2
Rd8 21. Rxd8+ Nxd8 22. Kf1 Kf8 23. Ke1 Ke7 24. Kd2 Kd6 25. f3 exf3 26. Bxf3 b6
27. Kd3 Nc6 28. Be4 f5 29. Bf3 Ne5+ 30. Ke3 Nxf3 31. Kxf3 Ke5 32. Ke3 g5 33. g3
Kd5 34. Kf3 Kc4 35. h4 h6 36. h5 Kxc3 37. g4 Kd3 38. gxf5 exf5 39. Kg3 c4 40.
Kf2 c3 41. Kg2 c2 42. Kh2 c1=Q 43. Kg2 Qe3 44. Kh2 Qf3 45. a4 0-1

[Event "C.to Regionale Lombardia"]
[Site "Solaro ITA"]
[Date "2011.05.28"]
[Round "3"]
[White "Aldeghi, Damiano"]
[Black "Canciani, Alberto"]
[Result "0-1"]
[WhiteElo "1416"]
[BlackElo "1587"]
[PlyCount "76"]
[EventDate "2011.05.27"]

1. e4 e6 2. Nf3 c5 3. Bc4 Qc7 4. d4 a6 5. a4 b6 6. d5 e5 7. O-O d6 8. Bd2 h6 9.
Nc3 Nf6 10. h3 Nbd7 11. Re1 g5 12. Qe2 Bg7 13. Nd1 a5 14. Qd3 Nh5 15. Ne3 Nf4
16. Qc3 O-O 17. Nf5 Nf6 18. Bxf4 Bxf5 19. Bxe5 dxe5 20. exf5 e4 21. Qe5 Qb7 22.
Nd2 Rfe8 23. Qd6 Rad8 24. Qc6 Qxc6 25. dxc6 Rxd2 26. Bb5 Re7 27. Rad1 Rxd1 28.
Rxd1 Rc7 29. c3 Kf8 30. b4 h5 31. bxa5 bxa5 32. Rd8+ Ke7 33. Ra8 Ne8 34. Rxa5
Bxc3 35. Ra6 g4 36. hxg4 hxg4 37. Kh2 Kf6 38. Kg3 Kxf5 0-1

[Event "C.to Regionale Lombardia"]
[Site "Solaro ITA"]
[Date "2011.05.28"]
[Round "3"]
[White "Barolo, Andrea"]
[Black "Tarelli, Daniele"]
[Result "0-1"]
[WhiteElo "1964"]
[BlackElo "1596"]
[PlyCount "128"]
[EventDate "2011.05.27"]

1. e4 c5 2. c3 a6 3. d4 e6 4. Nf3 d5 5. e5 Nc6 6. Bd3 cxd4 7. cxd4 Nge7 8. O-O
Ng6 9. Be3 Bd7 10. Nc3 Be7 11. Rc1 Rc8 12. Qd2 O-O 13. g3 Be8 14. h4 f5 15. Ng5
Qd7 16. Na4 Bxg5 17. hxg5 Ncxe5 18. dxe5 Rxc1 19. Rxc1 Qxa4 20. b3 Qd7 21. f4
Ne7 22. Bc5 Rf7 23. Qb4 Nc6 24. Qb6 Qc7 25. Qxc7 Rxc7 26. Bd6 Rc8 27. Rc2 Bd7
28. Bc5 Kf7 29. Kf2 h6 30. gxh6 gxh6 31. Ke3 Rg8 32. Kf3 Rc8 33. Ke3 Kg6 34. g4
Kf7 35. gxf5 exf5 36. Bb6 Nb4 37. Rxc8 Bxc8 38. a3 Nxd3 39. Kxd3 Ke7 40. Kd4 h5
41. Kxd5 Be6+ 42. Kd4 Bxb3 43. Kc3 Bd1 44. Bf2 Ke6 45. Kc4 Bf3 46. Kc5 b5 47.
Kb6 Be2 48. Kc5 a5 49. Bh4 Bf1 50. Bg5 Be2 51. Bh4 b4 52. axb4 a4 53. Kd4 a3
54. Kc3 a2 55. Kb2 Bc4 56. b5 Bxb5 57. Kxa2 Kd5 58. Kb2 Ke4 59. Bg5 Kf3 60. e6
Kg4 61. Kc3 h4 62. Bxh4 Kxh4 63. Kd4 Kg4 64. Ke5 Be8 0-1

[Event "C.to Regionale Lombardia"]
[Site "Solaro ITA"]
[Date "2011.05.28"]
[Round "3"]
[White "Bellia, Fabrizio"]
[Black "Rettore, Ludwig"]
[Result "1-0"]
[WhiteElo "2415"]
[BlackElo "2163"]
[PlyCount "105"]
[EventDate "2011.05.27"]

1. e4 c5 2. Nf3 e6 3. d4 cxd4 4. Nxd4 Nc6 5. Nc3 d6 6. Be2 Nf6 7. O-O Be7 8.
Be3 O-O 9. f4 a6 10. Qe1 Qc7 11. Qg3 Bd7 12. Rad1 Rfd8 13. e5 Ne8 14. exd6 Bxd6
15. Qf2 Na5 16. Nb3 Nc4 17. Bxc4 Qxc4 18. Bb6 Bc7 19. Bc5 Bb5 20. g3 Nf6 21. a4
Bc6 22. Nd2 Rxd2 23. Rxd2 Ne4 24. Nxe4 Qxe4 25. Qe3 Qh1+ 26. Kf2 Qxh2+ 27. Ke1
Qh5 28. Bb6 Bxb6 29. Qxb6 h6 30. Rd8+ Rxd8 31. Qxd8+ Kh7 32. Qd3+ Kg8 33. b3
Bg2 34. Rf2 Qh1+ 35. Kd2 Bc6 36. Re2 Bf3 37. Re1 Qg2+ 38. Kc3 Bg4 39. Kb2 Bf5
40. Re2 Qc6 41. Qc3 Be4 42. Qxc6 Bxc6 43. Kc3 Kh7 44. Kd4 g5 45. Ke5 Kg6 46.
Rf2 Be8 47. a5 h5 48. fxg5 Kxg5 49. Rf4 Kg6 50. c4 Bc6 51. b4 Ba4 52. Kd6 b5
53. axb6 1-0

[Event "C.to Regionale Lombardia"]
[Site "Solaro ITA"]
[Date "2011.05.28"]
[Round "3"]
[White "Coppola, Federico"]
[Black "Sala, Giovanni"]
[Result "0-1"]
[WhiteElo "1746"]
[BlackElo "1969"]
[PlyCount "44"]
[EventDate "2011.05.27"]

1. e4 c5 2. Nf3 d6 3. d4 cxd4 4. Nxd4 Nf6 5. Nc3 a6 6. Bg5 e6 7. f4 Qc7 8. Qf3
b5 9. Bxf6 gxf6 10. f5 b4 11. Nce2 e5 12. Nb3 Nd7 13. O-O-O Bb7 14. Ng3 Rc8 15.
Bd3 a5 16. Kb1 a4 17. Nd2 a3 18. Bc4 Bh6 19. Qh5 d5 20. Qxh6 dxc4 21. Qg7 Ke7
22. Rhe1 h5 0-1

[Event "C.to Regionale Lombardia"]
[Site "Solaro ITA"]
[Date "2011.05.28"]
[Round "3"]
[White "Gonella, Daniele"]
[Black "Ferraris, Fulvio"]
[Result "1-0"]
[WhiteElo "2022"]
[BlackElo "1713"]
[PlyCount "69"]
[EventDate "2011.05.27"]

1. e4 e6 2. d4 d5 3. Nc3 Bb4 4. e5 c5 5. a3 Bxc3+ 6. bxc3 Qc7 7. Bd2 Nc6 8. Qg4
f5 9. Qh4 Nge7 10. Be2 Ng6 11. Bh5 Nce7 12. Ne2 O-O 13. Qg5 b6 14. h4 Ba6 15.
Bxg6 Nxg6 16. h5 Ne7 17. Nf4 h6 18. Qxg7+ Kxg7 19. Nxe6+ Kh7 20. Nxc7 Rac8 21.
Nxa6 cxd4 22. cxd4 Rxc2 23. Nb4 Rc4 24. Rh4 f4 25. Rxf4 Rxf4 26. Bxf4 Rxd4 27.
g3 Re4+ 28. Kd2 a5 29. Nc2 Kg7 30. Rb1 Nc8 31. Ne3 Ra4 32. Nf5+ Kh7 33. Rc1 Rc4
34. Rxc4 dxc4 35. e6 1-0

[Event "C.to Regionale Lombardia"]
[Site "Solaro ITA"]
[Date "2011.05.28"]
[Round "3"]
[White "Greco, Umberto"]
[Black "Bernasconi, Roberto"]
[Result "1/2-1/2"]
[WhiteElo "1702"]
[BlackElo "1934"]
[PlyCount "151"]
[EventDate "2011.05.27"]

1. c4 e5 2. Nc3 Nf6 3. d3 d6 4. g3 Be7 5. Bg2 c6 6. Nf3 Nbd7 7. O-O O-O 8. a3
a5 9. a4 Re8 10. Re1 Nc5 11. Nd2 Bg4 12. Nde4 Ncxe4 13. Nxe4 d5 14. Nxf6+ Bxf6
15. cxd5 cxd5 16. Qb3 e4 17. dxe4 dxe4 18. Bf4 Qe7 19. Rac1 Rac8 20. Bf1 Be6
21. Qb6 Qd7 22. e3 Qd2 23. Rcd1 Qxb2 24. Qxb2 Bxb2 25. Rb1 Bc3 26. Rec1 Bb4 27.
Bc7 Bd7 28. Bb5 Bxb5 29. axb5 f5 30. Rc2 Kf7 31. Rbc1 Re6 32. b6 Re7 33. Rc4
Rd7 34. Kf1 g6 35. h4 Rd5 36. Ke2 Rd2+ 37. Kf1 Re8 38. Bf4 Re7 39. Rc7 Red7 40.
Be5 R2d5 41. Bd4 Ke6 42. R1c4 Bd6 43. Rc8 Rb5 44. Rc2 Be7 45. Rc1 Bd8 46. R8c5
Rd5 47. Rc8 Bxb6 48. Bxb6 Rxb6 49. Re8+ Kd7 50. Rh8 h5 51. Rh7+ Kd6 52. Rcc7
Rdb5 53. Rhd7+ Ke5 54. Re7+ Kd5 55. Red7+ Ke5 56. Re7+ Re6 57. Rxb7 Rxb7 58.
Rxb7 Ra6 59. Rb5+ Kd6 60. Ke2 a4 61. Rb2 a3 62. Ra2 Kc5 63. Kd2 Kb4 64. Kc2 Rd6
65. Ra1 Rc6+ 66. Kd2 Rd6+ 67. Kc2 Rc6+ 68. Kd2 Kb3 69. Rb1+ Ka2 70. Rb7 Ka1 71.
Rb5 a2 72. Rb7 Rd6+ 73. Kc2 Rc6+ 74. Kd2 Rc4 75. Rb6 Rc5 76. Rb8 1/2-1/2

[Event "C.to Regionale Lombardia"]
[Site "Solaro ITA"]
[Date "2011.05.28"]
[Round "3"]
[White "Guerini, Silvia jr"]
[Black "Regorda, Vittorio"]
[Result "0-1"]
[WhiteElo "1690"]
[BlackElo "1877"]
[PlyCount "86"]
[EventDate "2011.05.27"]

1. e4 e6 2. d4 d5 3. Nc3 Nf6 4. e5 Nfd7 5. f4 c5 6. Nf3 Nc6 7. Be3 cxd4 8. Nxd4
Qa5 9. a3 Nxd4 10. Bxd4 a6 11. Be2 Be7 12. O-O Bc5 13. Kh1 Bxd4 14. Qxd4 O-O
15. Rab1 Qc5 16. Qd1 f6 17. f5 Nxe5 18. fxe6 Bxe6 19. Qd2 Rad8 20. Rfd1 b5 21.
b4 Qc7 22. Rb3 d4 23. Ne4 Bxb3 24. cxb3 d3 25. Bf1 Qc2 26. Nc5 Qxd2 27. Rxd2
Rd6 28. Nxd3 Nxd3 29. Rxd3 Rxd3 30. Bxd3 Rd8 31. Bf1 Rd1 32. Kg1 Ra1 33. a4
bxa4 34. bxa4 Rxa4 35. b5 a5 36. Kf2 Kf8 37. Ke3 Ke7 38. Bd3 h6 39. Be4 Rb4 40.
Bc6 Kd6 41. Kd3 Kc5 42. Kc3 Rxb5 43. Bxb5 Kxb5 0-1

[Event "C.to Regionale Lombardia"]
[Site "Solaro ITA"]
[Date "2011.05.28"]
[Round "3"]
[White "Lamera, Giuseppe"]
[Black "Molinelli, Luigi"]
[Result "1-0"]
[WhiteElo "1462"]
[BlackElo "1273"]
[PlyCount "75"]
[EventDate "2011.05.27"]

1. e4 c5 2. Nf3 e6 3. b3 d6 4. Bb2 Nc6 5. d4 d5 6. Bb5 a6 7. Bxc6+ bxc6 8. e5
Nh6 9. O-O Be7 10. Ba3 Qb6 11. Nc3 Qa7 12. Na4 O-O 13. Nxc5 Nf5 14. c3 Re8 15.
b4 a5 16. Qd3 Bxc5 17. bxc5 Ba6 18. Qd2 Bxf1 19. Rxf1 Rab8 20. h3 Qa6 21. g4
Ne7 22. h4 Rf8 23. h5 f5 24. exf6 Rxf6 25. Ne5 Qb7 26. Rc1 Rbf8 27. Rf1 Ng6 28.
hxg6 hxg6 29. Qe2 g5 30. Bc1 Rf4 31. Bxf4 Rxf4 32. Qc2 Rf6 33. Rb1 Qc8 34. Rb6
Rf4 35. Qe2 Re4 36. Qb2 Kh7 37. Qc2 Qf8 38. f3 1-0

[Event "C.to Regionale Lombardia"]
[Site "Solaro ITA"]
[Date "2011.05.28"]
[Round "3"]
[White "Lapiccirella, Daniele"]
[Black "Sirletti, Sonia"]
[Result "1-0"]
[WhiteElo "2236"]
[BlackElo "1959"]
[PlyCount "79"]
[EventDate "2011.05.27"]

1. d4 d5 2. c4 e6 3. Nc3 Nf6 4. cxd5 exd5 5. Bg5 Be7 6. e3 c6 7. Bd3 Nbd7 8.
Nf3 O-O 9. O-O Re8 10. Qc2 Nf8 11. h3 Ng6 12. Ne5 Nxe5 13. dxe5 Nd7 14. Bxh7+
Kh8 15. Bxe7 Qxe7 16. f4 g6 17. Bxg6 fxg6 18. Qxg6 Nf8 19. Qh5+ Nh7 20. Rad1
Be6 21. Kh2 Bf7 22. Qf3 Rad8 23. Rd4 Nf8 24. Rfd1 Ne6 25. R4d2 Ng7 26. e4 dxe4
27. Qxe4 Rxd2 28. Rxd2 Rd8 29. Rxd8+ Qxd8 30. f5 Bd5 31. Qf4 Qg8 32. g4 Qh7 33.
Kg3 Kg8 34. Nxd5 cxd5 35. Qd2 Nh5+ 36. gxh5 Qxh5 37. Qxd5+ Kh8 38. Qd8+ Kh7 39.
Qe7+ Kg8 40. Qd8+ 1-0

[Event "C.to Regionale Lombardia"]
[Site "Solaro ITA"]
[Date "2011.05.28"]
[Round "3"]
[White "Maccarini, Luca Nicola"]
[Black "Ronconi, Fausto"]
[Result "1/2-1/2"]
[WhiteElo "1937"]
[BlackElo "1754"]
[PlyCount "184"]
[EventDate "2011.05.27"]

1. d4 d5 2. Nf3 Nf6 3. c4 e6 4. Nc3 Be7 5. Bg5 O-O 6. e3 Nbd7 7. Rc1 c6 8. Bd3
dxc4 9. Bxc4 Nd5 10. Bxe7 Qxe7 11. O-O N7f6 12. Re1 Nxc3 13. bxc3 b6 14. Qe2
Bb7 15. e4 c5 16. Nd2 Rad8 17. e5 Nd5 18. Ne4 cxd4 19. cxd4 Nf4 20. Qg4 Ng6 21.
Nd6 Bd5 22. Bxd5 exd5 23. Rc6 Qd7 24. Qxd7 Rxd7 25. Rec1 Ne7 26. Rc7 Rfd8 27.
Kf1 Kf8 28. Ke2 f6 29. Nb7 Rxc7 30. Rxc7 Rc8 31. Rxc8+ Nxc8 32. Nd8 Ke7 33.
Nc6+ Kd7 34. exf6 gxf6 35. Nb4 Kd6 36. Nd3 Ne7 37. Nb4 a5 38. Nc2 b5 39. Kd3 b4
40. a4 Nc8 41. Na1 Nb6 42. Nb3 Nc4 43. Nc5 Kc6 44. g4 Nd6 45. f4 Nf7 46. Nb3
Kb6 47. Nc5 Kc6 48. Nb3 Kb6 49. h4 h6 50. Ke3 Nd6 51. Kd3 Ne4 52. Ke3 Nd6 53.
Kf2 Ne4+ 54. Kf3 Ka6 55. Ke3 Kb6 56. Kf3 Ka6 57. g5 fxg5 58. fxg5 hxg5 59. h5
Nf6 60. h6 Kb6 61. Kg3 Ka6 62. Nc5+ Ka7 63. Kf3 Nh7 64. Kg4 Kb6 65. Kf5 Kc6 66.
Nb3 Kb6 67. Ke5 g4 68. Kf4 Nf6 69. Nc5 Kc6 70. Kg3 Kc7 71. Kh4 Kc6 72. Nb3 Kb6
73. Kg3 Ka6 74. Nc5+ Ka7 75. Kh4 Ka8 76. Nb3 Ka7 77. Nxa5 Ka6 78. Nb3 Kb6 79.
Kg3 Ka6 80. Kf4 Kb6 81. Kf5 g3 82. Kxf6 g2 83. h7 g1=Q 84. h8=Q Qf2+ 85. Ke6
Qe3+ 86. Kd6 Qxb3 87. Qb8+ Ka6 88. Qa8+ Kb6 89. a5+ Kb5 90. Qb7+ Ka4 91. Qa7
Kb5 92. Qc5+ Ka4 1/2-1/2

[Event "C.to Regionale Lombardia"]
[Site "Solaro ITA"]
[Date "2011.05.28"]
[Round "3"]
[White "Miracola, Giorgia"]
[Black "Vergano, Riccardo"]
[Result "1-0"]
[WhiteElo "1753"]
[BlackElo "1441"]
[PlyCount "69"]
[EventDate "2011.05.27"]

1. e4 c5 2. Nf3 d6 3. d4 cxd4 4. Nxd4 Nf6 5. Nc3 e5 6. Nb3 Be7 7. Be2 O-O 8.
Be3 Be6 9. f3 Nh5 10. Qd2 a6 11. O-O b5 12. Nd5 Bxd5 13. Qxd5 Nd7 14. Qd2 Qb8
15. g4 Nf4 16. Bxf4 exf4 17. Qxf4 Qd8 18. Kh1 Rb8 19. Nd4 Nc5 20. Nc6 Qc7 21.
Nxb8 Rxb8 22. Qe3 Bf6 23. g5 Be7 24. f4 f6 25. h4 Rc8 26. Bd3 Na4 27. Qd4 Qa5
28. gxf6 Bxf6 29. e5 Be7 30. Rg1 Kh8 31. h5 h6 32. Qe4 Kg8 33. Qh7+ Kf7 34.
Rxg7+ Ke8 35. Rxe7+ 1-0

[Event "C.to Regionale Lombardia"]
[Site "Solaro ITA"]
[Date "2011.05.28"]
[Round "3"]
[White "Miracola, Massimiliano"]
[Black "Marchini, Daniele"]
[Result "1-0"]
[WhiteElo "1970"]
[BlackElo "1799"]
[PlyCount "47"]
[EventDate "2011.05.27"]

1. e4 c5 2. Nf3 d6 3. d4 cxd4 4. Nxd4 Nf6 5. Nc3 a6 6. Be2 e5 7. Nb3 Be6 8. f4
Nc6 9. f5 Bxb3 10. axb3 b5 11. Be3 Be7 12. O-O O-O 13. g4 h6 14. Kh1 Nh7 15.
Nd5 Bg5 16. Bf2 Nf6 17. h4 Nxd5 18. exd5 Bxh4 19. dxc6 Bxf2 20. Rxf2 Rc8 21.
Rxa6 d5 22. Bxb5 d4 23. Bd3 Qd5+ 24. Qf3 1-0